00353pab a2200121 454500008004000000100002600040245006700066260000900133300001300142362001100155650003100166773003400197180718b1998 xxu||||| |||| 00| 0 eng d aBanerjee-Guha, Swapna aIndustrial geography and studies on multinational corporations c1998 ap.159-62 a31 Jan aTransnational corporations aEconomic and Political Weekly